<?xml version="1.0" encoding="UTF-8"?>
<record
    xmlns:xsi="http://www.w3.org/2001/XMLSchema-instance"
    xsi:schemaLocation="http://www.loc.gov/MARC21/slim http://www.loc.gov/standards/marcxml/schema/MARC21slim.xsd"
    xmlns="http://www.loc.gov/MARC21/slim">

  <leader>05039nam a2200445 a 4500</leader>
  <controlfield tag="001">dia_6058</controlfield>
  <controlfield tag="003">CHAP</controlfield>
  <controlfield tag="005">20250409130314.0</controlfield>
  <controlfield tag="007">ta</controlfield>
  <controlfield tag="008">220117s2005    mx db  frm    001 0 spa d</controlfield>
  <datafield tag="010" ind1=" " ind2=" ">
    <subfield code="a">177265</subfield>
  </datafield>
  <datafield tag="040" ind1=" " ind2=" ">
    <subfield code="c">CHAP</subfield>
    <subfield code="a">mxchpua</subfield>
  </datafield>
  <datafield tag="041" ind1="0" ind2=" ">
    <subfield code="a">spa</subfield>
    <subfield code="b">eng</subfield>
  </datafield>
  <datafield tag="090" ind1=" " ind2=" ">
    <subfield code="a">Tesis </subfield>
    <subfield code="b">C67 </subfield>
    <subfield code="c">2005</subfield>
  </datafield>
  <datafield tag="100" ind1="1" ind2=" ">
    <subfield code="a">Cort&#xE9;s S&#xE1;nchez, Idalia</subfield>
  </datafield>
  <datafield tag="245" ind1="1" ind2="0">
    <subfield code="a">Normatividad a cumplir en cuanto a inocuidad alimentaria en las empresas TIF que operan en Yucat&#xE1;n, M&#xE9;xico /</subfield>
    <subfield code="c">Idalia Cort&#xE9;s S&#xE1;nchez</subfield>
  </datafield>
  <datafield tag="264" ind1=" " ind2=" ">
    <subfield code="a">Chapingo, M&#xE9;xico :</subfield>
    <subfield code="b">El autor,</subfield>
    <subfield code="c">2005</subfield>
  </datafield>
  <datafield tag="300" ind1=" " ind2=" ">
    <subfield code="a">v, 57 hojas :</subfield>
    <subfield code="b">mapas, gr&#xE1;ficas, tablas</subfield>
  </datafield>
  <datafield tag="336" ind1=" " ind2=" ">
    <subfield code="2">rdacontent</subfield>
    <subfield code="a">texto</subfield>
    <subfield code="b">txt</subfield>
  </datafield>
  <datafield tag="337" ind1=" " ind2=" ">
    <subfield code="2">rdamedia</subfield>
    <subfield code="a">no mediado</subfield>
    <subfield code="b">n</subfield>
  </datafield>
  <datafield tag="338" ind1=" " ind2=" ">
    <subfield code="2">rdacarrier</subfield>
    <subfield code="a">volumen</subfield>
    <subfield code="b">nc</subfield>
  </datafield>
  <datafield tag="502" ind1=" " ind2=" ">
    <subfield code="a">Tesis </subfield>
    <subfield code="b">(Ingeniero Agr&#xF3;nomo Especialista en Zootecnia) -- </subfield>
    <subfield code="c">UACh, Departamento de Ense&#xF1;anza, Investigaci&#xF3;n y Servicio en Zootecnia, </subfield>
    <subfield code="d">2005</subfield>
  </datafield>
  <datafield tag="504" ind1=" " ind2=" ">
    <subfield code="a">Bibliograf&#xED;a: hojas 41-43</subfield>
  </datafield>
  <datafield tag="520" ind1="3" ind2=" ">
    <subfield code="a">La mayor inquietud en todos los pa&#xED;ses en la actualidad es tener acceso a alimentos sanos, inocuos y de buena calidad. Muchos de los productos mexicanos han alcanzado altos niveles de calidad en sus procesos pero sobre todo el reconocimiento en grandes mercados. Sin embargo, falta prestar mayor atenci&#xF3;n al aspecto de inocuidad, principalmente en productos de origen animal. Por lo anterior en el presente estudio se analiz&#xF3; a trav&#xE9;s de encuestas aplicadas a gerentes y representantes de los rastros TIF ubicados en el estado de Yucat&#xE1;n, la normatividad que se requiere para poder implementar sistemas de inocuidad alimentaria, y su adopci&#xF3;n, as&#xED; como los problemas y los beneficios asociados al emplear este tipo de sistemas que certifican la seguridad y calidad alimentaria. Las empresas TIF encuestadas, se dedican a procesos como corte, deshuese y embutidos. En el 100% de ellas se aplica los Procedimientos de Operaci&#xF3;n Est&#xE1;ndar de Sanitizaci&#xF3;n (POE's). No obstante, las Buenas Pr&#xE1;cticas de Manufactura, residuos t&#xF3;xicos y el sistema HACCP (Hazard Analysis Critical and Control Points), est&#xE1;n implementados en al menos 50% de las empresas. Cabe remarcar que el HACCP se encuentra instalado en 33% del total de las empresas. Esta caracter&#xED;stica permite que dichas empresas tengan la habilidad de exportar a pa&#xED;ses como Jap&#xF3;n, Cuba y Corea. Se puede concluir que la adopci&#xF3;n de este sistema es un incentivo importante para que el resto de empresas lo implementen en sus plantas. S&#xF3;lo 17% de empresas se encontraban sin planes de adoptar el HACCP y se debe principalmente a que implica un gasto excesivo. Sin embargo, la implementaci&#xF3;n progresiva favorecer&#xE1; a las empresas TIF del Estado de Yucat&#xE1;n. </subfield>
  </datafield>
  <datafield tag="520" ind1="3" ind2=" ">
    <subfield code="a">One of the major concerns of most countries nowadays is to have access to nutritional, innocuous and high quality food. Many Mexican products have attained high levels of quality and, are therefore, well accepted in the international trade. However, it is necessary to pay closer attention innocuousness; especially in animal products. Therefore, in this research, an analysis of the norms necessary for the implementation of alimentary innocuousness systems or programs and their adoption is made. The benefits, as well as the problems, associated with the implementation of these types of programs, which assure and certify food, were also analyzed. The analyses were made by surveys to managers and representatives of the TIF (Federal Inspection Type) in Yucatan. The different TIF industries surveyed were dedicated to commercial meat cuttings, deboning and sausage making. In all these companies, the basic Sanitization and Cleaning Program (POE&#xB4;s) was followed. Furthermore, the Good Manufacturing Practices, toxic residues and the HACCP (Hazard Analysis Critical and Control Points) programs were found in at least 50% of the industries. The HACCP was implemented in 33% of the companies. One of which exported to Japan, Corea and Cuba. This is, therefore, a good incentive for owners to implement the program in their companies. Only 17% were not planning on adopting the HACCP program because of the high investment required. However, the progressive implementation will be advantageous for the TIF companies of Yucatan.</subfield>
  </datafield>
  <datafield tag="650" ind1="1" ind2="3">
    <subfield code="a">Mataderos</subfield>
    <subfield code="x">ARPCC  </subfield>
    <subfield code="2">atg</subfield>
  </datafield>
  <datafield tag="650" ind1="1" ind2="3">
    <subfield code="a">Mataderos</subfield>
    <subfield code="x">Calidad de carne</subfield>
    <subfield code="2">atg</subfield>
    <subfield code="z">M&#xE9;xico</subfield>
    <subfield code="z">Yucat&#xE1;n</subfield>
  </datafield>
  <datafield tag="650" ind1="1" ind2="3">
    <subfield code="a">Mataderos</subfield>
    <subfield code="x">Procedimientos operativos estandarizados de saneamiento  </subfield>
    <subfield code="2">atg</subfield>
  </datafield>
  <datafield tag="650" ind1="1" ind2="3">
    <subfield code="a">Slaughterhouses</subfield>
    <subfield code="x">Beef quality</subfield>
    <subfield code="2">atg</subfield>
    <subfield code="z">Mexico</subfield>
    <subfield code="z">Yucat&#xE1;n</subfield>
  </datafield>
  <datafield tag="650" ind1="1" ind2="3">
    <subfield code="a">Slaughterhouses</subfield>
    <subfield code="x">HACCP</subfield>
    <subfield code="2">atg</subfield>
  </datafield>
  <datafield tag="650" ind1="1" ind2="3">
    <subfield code="a">Slaughterhouses</subfield>
    <subfield code="x">Sanitation standard operating procedures  </subfield>
    <subfield code="2">atg</subfield>
  </datafield>
  <datafield tag="700" ind1="1" ind2=" ">
    <subfield code="a">Maldonado Sim&#xE1;n, Ema de Jes&#xFA;s</subfield>
    <subfield code="e">directora</subfield>
  </datafield>
  <datafield tag="700" ind1="1" ind2=" ">
    <subfield code="a">Copado Bueno, Jos&#xE9; Ma. Fernando</subfield>
    <subfield code="e">asesor</subfield>
  </datafield>
  <datafield tag="700" ind1="1" ind2=" ">
    <subfield code="a">Mart&#xED;nez Hern&#xE1;ndez, Pedro Arturo</subfield>
    <subfield code="e">asesor</subfield>
  </datafield>
  <datafield tag="856" ind1="4" ind2="1">
    <subfield code="u">http://10.13.5.2/tesis/103346.pdf</subfield>
    <subfield code="y">DESCRGAR PDF</subfield>
  </datafield>
  <datafield tag="901" ind1=" " ind2=" ">
    <subfield code="a">TESIS C67 2005</subfield>
  </datafield>
  <datafield tag="902" ind1=" " ind2=" ">
    <subfield code="a">M</subfield>
  </datafield>
  <datafield tag="905" ind1=" " ind2=" ">
    <subfield code="a">5232272005                          mx nm  8223123322spa16</subfield>
  </datafield>
  <datafield tag="942" ind1=" " ind2=" ">
    <subfield code="c">TESIS</subfield>
    <subfield code="2">Clasificaci&#xF3;n Universidad Aut&#xF3;noma Chapingo</subfield>
  </datafield>
  <datafield tag="999" ind1=" " ind2=" ">
    <subfield code="c">177265</subfield>
    <subfield code="d">177265</subfield>
  </datafield>
  <datafield tag="952" ind1=" " ind2=" ">
    <subfield code="0">0</subfield>
    <subfield code="1">0</subfield>
    <subfield code="2">local</subfield>
    <subfield code="4">0</subfield>
    <subfield code="5">1</subfield>
    <subfield code="7">0</subfield>
    <subfield code="8">TESIS</subfield>
    <subfield code="a">IA_</subfield>
    <subfield code="b">IA_</subfield>
    <subfield code="d">2022-01-18</subfield>
    <subfield code="e">El autor</subfield>
    <subfield code="l">0</subfield>
    <subfield code="o">Tesis C67 2005</subfield>
    <subfield code="p">1101009588</subfield>
    <subfield code="r">2026-02-02 00:00:00</subfield>
    <subfield code="t">Ej. 1</subfield>
    <subfield code="w">2022-01-18</subfield>
    <subfield code="y">TESIS</subfield>
  </datafield>
  <datafield tag="952" ind1=" " ind2=" ">
    <subfield code="0">0</subfield>
    <subfield code="1">0</subfield>
    <subfield code="2">local</subfield>
    <subfield code="4">0</subfield>
    <subfield code="7">0</subfield>
    <subfield code="8">TesDigL</subfield>
    <subfield code="a">IA_</subfield>
    <subfield code="b">IA_</subfield>
    <subfield code="c">E_L</subfield>
    <subfield code="d">2023-02-14</subfield>
    <subfield code="e">El autor</subfield>
    <subfield code="l">0</subfield>
    <subfield code="p">1201009588</subfield>
    <subfield code="r">2023-02-14 00:00:00</subfield>
    <subfield code="w">2023-02-14</subfield>
    <subfield code="y">TD</subfield>
  </datafield>
</record>
